[Event "Waterkloof Robbertse Memorial"]
[Site "Waterkloof"]
[Date "2015.01.31"]
[Round "4"]
[White "Nene, Themba"]
[Black "Meintjes, Jacques C"]
[Result "1-0"]
[WhiteElo "1932"]
[BlackElo "1971"]
[PlyCount "65"]
[EventDate "2015.01.29"]
[EventType "swiss"]
[EventRounds "6"]
[EventCountry "RSA"]
[SourceTitle "CBM 164 Extra"]
[Source "ChessBase"]
[SourceDate "2015.03.02"]
[SourceVersion "1"]
[SourceVersionDate "2015.03.02"]
[SourceQuality "1"]

1. d4 f5 2. Bg5 g6 3. c4 Nh6 4. Nc3 Nf7 5. Bf4 Bg7 6. Nf3 0-0 7. Qd2 a5 8. h4 d6 9. h5 e5 10. hxg6 hxg6 11. dxe5 dxe5 12. Qxd8 Rxd8 13. Bd2 Be6 14. e3 c6 15. 0-0-0 Na6 16. Na4 Nc7 17. Nc5 b6 18. Nxe6 Nxe6 19. Nh4 Nf8 20. Be2 Nd6 21. Bc3 Ne4 22. Rxd8 Rxd8 23. Be1 Kf7 24. g4 Nd6 25. gxf5 Nxf5 26. c5 bxc5 27. Bxa5 Ra8 28. Bc3 Bf6 29. Nf3 Re8 30. Nd2 Kg7 31. Ne4 Bh4 32. Bg4 Nd7 33. Bxf5 1-0

[Event "Centurion Capablanca FM"]
[Site "Centurion"]
[Date "2014.05.04"]
[Round "9"]
[White "Meintjes, Jacques C"]
[Black "Davies, Jason S"]
[Result "0-1"]
[WhiteElo "1975"]
[BlackElo "2041"]
[PlyCount "102"]
[EventDate "2014.04.26"]
[EventType "tourn"]
[EventRounds "9"]
[EventCountry "RSA"]
[SourceTitle "CBM 160 Extra"]
[Source "ChessBase"]
[SourceDate "2014.07.01"]
[SourceVersion "1"]
[SourceVersionDate "2014.07.01"]
[SourceQuality "1"]

1. e4 c5 2. Nc3 Nc6 3. Bb5 Nd4 4. Bc4 e6 5. Nge2 Ne7 6. 0-0 Nec6 7. d3 Be7 8. Nxd4 cxd4 9. Ne2 0-0 10. c3 d5 11. Bb5 dxc3 12. Nxc3 d4 13. Ne2 Qb6 14. Qa4 Rd8 15. Bd2 Bd7 16. b4 a6 17. Bxc6 Bxc6 18. Qb3 Rac8 19. Rac1 Qb5 20. Rc4 e5 21. Rfc1 Bd7 22. a4 Qb6 23. Rxc8 Rxc8 24. Rxc8+ Bxc8 25. f4 Be6 26. Qb2 f6 27. fxe5 fxe5 28. a5 Qc6 29. Nxd4 exd4 30. Qxd4 Qd6 31. Qxd6 Bxd6 32. d4 Bc4 33. Kf2 Kf7 34. g3 Ke6 35. Ke3 Be7 36. d5+ Kd7 37. Kd4 Bb3 38. e5 g5 39. Ke4 Bc2+ 40. Kd4 Bb1 41. Bc3 g4 42. Bd2 h5 43. Kc4 Ba2+ 44. Kd4 Bb3 45. e6+ Kc7 46. Bf4+ Bd6 47. e7 Ba4 48. Ke4 Be8 49. Kf5 Kd7 50. Bxd6 Kxd6 51. Kf6 Kxd5 0-1

[Event "Centurion Capablanca FM"]
[Site "Centurion"]
[Date "2014.05.03"]
[Round "8"]
[White "Mare, Eben"]
[Black "Meintjes, Jacques C"]
[Result "1/2-1/2"]
[WhiteElo "1967"]
[BlackElo "1975"]
[PlyCount "32"]
[EventDate "2014.04.26"]
[EventType "tourn"]
[EventRounds "9"]
[EventCountry "RSA"]
[SourceTitle "CBM 160 Extra"]
[Source "ChessBase"]
[SourceDate "2014.07.01"]
[SourceVersion "1"]
[SourceVersionDate "2014.07.01"]
[SourceQuality "1"]

1. e4 c5 2. Nf3 e6 3. d4 cxd4 4. Nxd4 Nf6 5. Nc3 Nc6 6. Be3 Bb4 7. Bd3 d5 8. exd5 Nxd5 9. Nxc6 bxc6 10. Bd2 Qf6 11. Nxd5 Bxd2+ 12. Qxd2 exd5 13. c3 0-0 14. 0-0 Bf5 15. Rfe1 Rfe8 16. Rxe8+ Rxe8 1/2-1/2

[Event "Centurion Capablanca FM"]
[Site "Centurion"]
[Date "2014.04.26"]
[Round "1"]
[White "Meintjes, Jacques C"]
[Black "Nel, Andre"]
[Result "1-0"]
[WhiteElo "1975"]
[BlackElo "1953"]
[PlyCount "69"]
[EventDate "2014.04.26"]
[EventType "tourn"]
[EventRounds "9"]
[EventCountry "RSA"]
[SourceTitle "CBM 160 Extra"]
[Source "ChessBase"]
[SourceDate "2014.07.01"]
[SourceVersion "1"]
[SourceVersionDate "2014.07.01"]
[SourceQuality "1"]

1. e4 c5 2. Nc3 a6 3. Nf3 b5 4. d4 cxd4 5. Nxd4 Bb7 6. Bd3 d6 7. 0-0 Nd7 8. a4 b4 9. Na2 Ngf6 10. Nxb4 Qb6 11. c3 Nxe4 12. a5 Qc7 13. Bxe4 Bxe4 14. Re1 Nc5 15. Rxe4 Nxe4 16. Nd5 Qb7 17. Nb6 Nc5 18. Nxa8 Qxa8 19. b4 Nd7 20. b5 e5 21. Qe2 Be7 22. Nf5 g6 23. Nxe7 Kxe7 24. b6 Nc5 25. Ba3 Qe4 26. Re1 Qxe2 27. Rxe2 Nd7 28. Rd2 Rc8 29. Bxd6+ Ke6 30. Bb4 Nc5 31. f3 Nb7 32. Kf2 Rc6 33. Ke3 Rc8 34. f4 f6 35. g4 1-0

[Event "RSA-ch"]
[Site "Cape Town"]
[Date "2014.01.11"]
[Round "9"]
[White "Bhawoodien, Shabier Hussain"]
[Black "Meintjes, Jacques C"]
[Result "1-0"]
[WhiteElo "2135"]
[BlackElo "1989"]
[PlyCount "107"]
[EventDate "2014.01.04"]
[EventType "tourn"]
[EventRounds "11"]
[EventCountry "RSA"]
[SourceTitle "CBM 158 Extra"]
[Source "ChessBase"]
[SourceDate "2014.02.28"]
[SourceVersion "1"]
[SourceVersionDate "2014.02.28"]
[SourceQuality "1"]

1. e4 e5 2. Bb5 Bc5 3. Nf3 c6 4. Ba4 d6 5. 0-0 Bg4 6. d3 Nd7 7. c3 Ngf6 8. Nbd2 0-0 9. Bc2 a5 10. Re1 d5 11. Nf1 Qb6 12. Qe2 Rfe8 13. h3 Bh5 14. g4 Bg6 15. Ng3 dxe4 16. dxe4 Qc7 17. Nh4 Nf8 18. Qf3 Ne6 19. Ng2 h6 20. h4 b5 21. Bxh6 gxh6 22. Qxf6 Be7 23. Qf3 Nf4 24. h5 Bh7 25. Nxf4 exf4 26. Ne2 Bg5 27. Nd4 Re5 28. Qd3 Rd8 29. Qf1 Qc8 30. Qg2 Rde8 31. f3 b4 32. Red1 Rd8 33. Ba4 Rd6 34. cxb4 axb4 35. Rac1 c5 36. Nb3 Rxd1+ 37. Rxd1 c4 38. Nd4 c3 39. bxc3 Qxc3 40. Qd2 Rc5 41. Kg2 Kf8 42. Bb3 Qxd2+ 43. Rxd2 Rc3 44. Nb5 Rc1 45. Rc2 Rxc2+ 46. Bxc2 Be7 47. Kf2 f6 48. Bb3 Bg8 49. Bxg8 Kxg8 50. Ke2 Kf7 51. Kd3 Ke6 52. Kc4 Ke5 53. Nd4 Bf8 54. Nc6+ 1-0

[Event "RSA-ch"]
[Site "Cape Town"]
[Date "2014.01.04"]
[Round "1"]
[White "Meintjes, Jacques C"]
[Black "Kobese, Watu"]
[Result "0-1"]
[WhiteElo "1989"]
[BlackElo "2341"]
[PlyCount "72"]
[EventDate "2014.01.04"]
[EventType "tourn"]
[EventRounds "11"]
[EventCountry "RSA"]
[SourceTitle "CBM 158 Extra"]
[Source "ChessBase"]
[SourceDate "2014.02.28"]
[SourceVersion "1"]
[SourceVersionDate "2014.02.28"]
[SourceQuality "1"]

1. e4 c5 2. Nc3 a6 3. Nf3 e6 4. d4 cxd4 5. Nxd4 d6 6. Be3 b5 7. Qd2 Bb7 8. f3 Nd7 9. a4 b4 10. Na2 Ngf6 11. Nxb4 d5 12. exd5 Bxb4 13. Qxb4 Nxd5 14. Qa3 Qa5+ 15. Kf2 Nxe3 16. Qxe3 0-0 17. Nb3 Qh5 18. Bd3 Qh4+ 19. g3 Qf6 20. Nd2 Ne5 21. Qf4 Nxd3+ 22. cxd3 Qe7 23. Rac1 Rac8 24. Ne4 e5 25. Qd2 f5 26. Rxc8 Rxc8 27. Nc3 Qc5+ 28. Kg2 Rd8 29. Re1 Qc6 30. Qe3 h6 31. h4 Rd4 32. Ne2 Rb4 33. Rc1 Qd6 34. Qc5 Qxd3 35. Ng1 Rxb2+ 36. Kh3 Qd2 0-1

[Event "Pretoria FM-A"]
[Site "Pretoria"]
[Date "2012.05.01"]
[Round "8"]
[White "Meintjes, Jacques C"]
[Black "Hoek, Cornelis"]
[Result "1-0"]
[WhiteElo "2088"]
[BlackElo "2023"]
[PlyCount "135"]
[EventDate "2012.04.27"]
[EventType "tourn"]
[EventRounds "9"]
[EventCountry "RSA"]
[SourceTitle "CBM 148 Extra"]
[Source "ChessBase"]
[SourceDate "2012.06.22"]
[SourceVersion "1"]
[SourceVersionDate "2012.06.22"]
[SourceQuality "1"]

1. e4 c5 2. Nc3 g6 3. f4 Bg7 4. Nf3 Nh6 5. Bc4 Nc6 6. 0-0 0-0 7. d3 Na5 8. Qe1 Nxc4 9. dxc4 d6 10. f5 gxf5 11. Qh4 Ng4 12. exf5 Bxf5 13. Nd5 e6 14. Ne7+ Kh8 15. Nxf5 exf5 16. Ng5 Nh6 17. Bd2 Qf6 18. Bc3 Qg6 19. Rf3 Rg8 20. Qxh6 Bxc3 21. Nxf7+ Qxf7 22. Rxc3 Rg6 23. Qf4 Re8 24. Rf1 Re2 25. g3 Rf6 26. Qf3 Qe7 27. Rb3 b6 28. Ra3 Rf8 29. Rxa7 Qe4 30. Qxe4 Rxe4 31. b3 h5 32. Rb7 h4 33. Rxb6 Rd4 34. Kg2 Kg7 35. Rb7+ Kg6 36. Re7 Kg5 37. Re2 Rg4 38. Ref2 hxg3 39. hxg3 Rd4 40. a4 d5 41. cxd5 Rxd5 42. Rf4 Ra8 43. R1f2 Ra7 44. g4 fxg4 45. Kg3 Rd4 46. Rf5+ Kg6 47. Rxc5 Re7 48. Rf4 Rd2 49. Rxg4+ Kf6 50. Rf4+ Kg6 51. Rf2 Rd1 52. Rc4 Rg1+ 53. Kf3 Rge1 54. Kg3 R1e3+ 55. Rf3 Re2 56. Rg4+ Kh5 57. Rf5+ Kh6 58. Rf2 R2e3+ 59. Kg2 R7e5 60. b4 Kh5 61. Rg3 Re1 62. a5 R5e4 63. c3 Kh4 64. a6 Ra1 65. Rg6 Kh5 66. Rgf6 Rg4+ 67. Kf3 Kg5 68. Rg6+ 1-0

[Event "Pretoria FM-A"]
[Site "Pretoria"]
[Date "2012.04.27"]
[Round "1"]
[White "Bhawoodien, Shabier Hussain"]
[Black "Meintjes, Jacques C"]
[Result "1-0"]
[WhiteElo "2078"]
[BlackElo "2088"]
[PlyCount "91"]
[EventDate "2012.04.27"]
[EventType "tourn"]
[EventRounds "9"]
[EventCountry "RSA"]
[SourceTitle "CBM 148 Extra"]
[Source "ChessBase"]
[SourceDate "2012.06.22"]
[SourceVersion "1"]
[SourceVersionDate "2012.06.22"]
[SourceQuality "1"]

1. d4 d5 2. c4 c6 3. Nc3 Nf6 4. Nf3 e6 5. Bg5 dxc4 6. e4 b5 7. e5 h6 8. Bh4 g5 9. Nxg5 hxg5 10. Bxg5 Be7 11. exf6 Bxf6 12. Bxf6 Qxf6 13. g3 Bb7 14. Bg2 Na6 15. Ne4 Qe7 16. 0-0 f5 17. Nc5 Nxc5 18. dxc5 Qxc5 19. Re1 Kf7 20. Qe2 Qe7 21. Rad1 Rh7 22. Rd2 Rah8 23. Red1 Bc8 24. h4 Rg8 25. Qe5 Rhh8 26. Bxc6 Rd8 27. Bf3 Rxd2 28. Rxd2 Rd8 29. Rxd8 Qxd8 30. Qxb5 Qd3 31. Kg2 Qd4 32. Qb4 Bd7 33. Qb7 Kf6 34. Qb8 e5 35. Qb4 e4 36. Bh5 Ke6 37. Qf8 Bc6 38. Bf7+ Kd7 39. Be8+ Kc7 40. Qe7+ Kb6 41. Qb4+ Kc7 42. Qa5+ Kc8 43. Bxc6 Qxb2 44. Qxf5+ Kc7 45. Bb5 Qd4 46. Be8 1-0

[Event "Commonwealth-ch RSA op"]
[Site "Gauteng"]
[Date "2011.07.03"]
[Round "11"]
[White "Meintjes, Jacques C"]
[Black "Mabusela, Johannes Manyedi"]
[Result "0-1"]
[WhiteElo "2078"]
[BlackElo "2270"]
[PlyCount "24"]
[EventDate "2011.06.25"]
[EventType "swiss"]
[EventRounds "11"]
[EventCountry "RSA"]
[SourceTitle "CBM 143 Extra"]
[Source "ChessBase"]
[SourceDate "2011.08.29"]
[SourceVersion "1"]
[SourceVersionDate "2011.08.29"]
[SourceQuality "1"]

1. e4 c5 2. Nc3 a6 3. g3 b5 4. Bg2 Bb7 5. d3 e6 6. Nf3 d6 7. 0-0 Qc7 8. Re1 Nc6 9. Bf4 Ne5 10. Nd2 Nf6 11. Nf1 Ng6 12. h4 Be7 0-1

[Event "Antananarivo CACDEC"]
[Site "Antananarivo"]
[Date "2010.08.30"]
[Round "?"]
[White "Meintjes, Jacques C"]
[Black "Rabenandrasana, Liva"]
[Result "1-0"]
[WhiteElo "2090"]
[BlackElo "2079"]
[PlyCount "84"]
[EventDate "2010.08.27"]
[EventType "tourn"]
[EventRounds "9"]
[EventCountry "MAD"]
[SourceTitle "EXT 2013"]
[Source "ChessBase"]
[SourceDate "2012.11.22"]
[SourceVersion "1"]
[SourceVersionDate "2012.11.22"]
[SourceQuality "1"]

1. e4 c5 2. Nc3 e6 3. Nf3 a6 4. g3 d5 5. exd5 exd5 6. Bg2 d4 7. Qe2+ Qe7 8. Ne4 Be6 9. d3 h6 10. Bf4 Qd8 11. 0-0 Be7 12. Be5 Nf6 13. Rfe1 Nc6 14. Nxf6+ Bxf6 15. Bh3 0-0 16. Bxe6 fxe6 17. Bf4 Re8 18. Ne5 Nxe5 19. Bxe5 Bxe5 20. Qxe5 Qd5 21. f4 Qxe5 22. Rxe5 Rac8 23. Rae1 Kf7 24. Kg2 g6 25. Kf3 b6 26. g4 Rcd8 27. Kg3 Rd5 28. Rxd5 exd5 29. Rxe8 Kxe8 30. Kh4 Kf7 31. f5 gxf5 32. gxf5 Kf6 33. Kg4 Ke5 34. b3 b5 35. a4 bxa4 36. bxa4 a5 37. h3 c4 38. h4 Kf6 39. Kh5 Kxf5 40. Kxh6 Kf6 41. h5 c3 42. Kh7 Kf7 1-0

[Event "Gauteng North-ch"]
[Site "Gauteng"]
[Date "2004.??.??"]
[Round "7"]
[White "Meintjes, Jacques C"]
[Black "Oosthuizen, Dirk Johannes"]
[Result "1-0"]
[WhiteElo "1925"]
[BlackElo "2068"]
[PlyCount "119"]
[EventDate "2004.??.??"]
[EventType "tourn"]
[EventRounds "9"]
[EventCountry "RSA"]
[SourceTitle "EXT 2007"]
[Source "ChessBase"]
[SourceDate "2006.11.23"]
[SourceVersion "1"]
[SourceVersionDate "2006.11.23"]
[SourceQuality "1"]

1. e4 c5 2. Nc3 Nc6 3. f4 e6 4. Nf3 Nge7 5. Bb5 a6 6. Bxc6 Nxc6 7. 0-0 Be7 8. d3 b5 9. a3 0-0 10. Qe1 d5 11. Qg3 d4 12. Ne2 f5 13. exf5 exf5 14. Bd2 Bf6 15. Rae1 Ne7 16. Nc1 Nd5 17. Nb3 Qd6 18. Ne5 Ra7 19. Re2 Re7 20. Rfe1 Rfe8 21. Na5 g6 22. Nac6 Re6 23. h4 Bb7 24. Nxg6 Bg7 25. Nce7+ R6xe7 26. Nxe7+ Rxe7 27. Qg5 Ne3 28. Bxe3 dxe3 29. h5 Qf6 30. Qg3 Kf8 31. c3 Bh6 32. Rxe3 Rg7 33. Re8+ Kf7 34. Qe3 Rxg2+ 35. Kf1 Bc6 36. Re7+ Kg8 37. Qe6+ Qxe6 38. R7xe6 Bxf4 39. Rxc6 Rg3 40. Re7 Kh8 41. Rxa6 Bc1 42. Ra8+ Rg8 43. Raa7 Rd8 44. Rxh7+ Kg8 45. Rhb7 Bxb2 46. h6 Bxc3 47. h7+ Kh8 48. Rxb5 Bd4 49. Rf7 Ra8 50. a4 f4 51. a5 Bg7 52. a6 Rxa6 53. Rxc5 Ra1+ 54. Kg2 Ra2+ 55. Kf3 Ra1 56. Rcc7 Rg1 57. Rxg7 Rf1+ 58. Ke4 Re1+ 59. Kf5 Re8 60. Rg8+ 1-0